Immunological reviews.

Bibliographic Details
Previous Title:Transplantation reviews
Other Authors: Möller, Göran, 1936-
Format: Journal
Language:English
Published: Copenhagen : Munksgaard, [1977-]
Subjects:
Online Availability: Check for online availability

MARC

Tag First Indicator Second Indicator Subfields
LEADER 00000cas a22000005a 4500
001 in00004453539
005 20191202120953.0
008 770413c19779999dk brhp 0uuua0eng d
010 |a  85642160   |z sf 78000665  
022 |a 0105-2896 
030 |a IMRED2 
032 |a 730910  |b USPS 
035 |a (OCoLC)02885127 
037 |b Munksgaard International Publishers Ltd., 35 Nørre Søgade, DK-1370 Copenhagen K, Denmark 
040 |a PIT  |c PIT  |d NLM  |d NSD  |d OCL  |d DLC  |d OCL  |d NST  |d SER  |d RCS  |d NST  |d AIP  |d NST  |d AIP  |d NSD  |d AIP  |d NSD  |d DLC  |d TMV  |d UtOrBLW 
042 |a nsdp  |a lc 
049 |a [Shelved] [by Title] TMVM 
050 0 0 |a PAR 
060 0 0 |a W1 IM512 
060 4 |a x 
069 1 |a I06100000 
210 0 |a Immunol. rev. 
222 0 |a Immunological reviews 
245 1 0 |a Immunological reviews. 
246 1 4 |a Immunological reviews, transplantation reviews  |f 1977-1980 
246 1 0 |a Immunol Rev 
264 1 |a Copenhagen :  |b Munksgaard,  |c [1977-] 
264 4 |c [©1977-] 
300 |a volumes :  |b illustrations ;  |c 24 cm. 
310 |a Bimonthly  |b <1979>- 
321 |a Frequency varies 
336 |a text  |2 rdacontent  |b txt 
337 |a unmediated  |2 rdamedia 
338 |a volume  |2 rdacarrier  |b nc 
362 0 |a Vol. 33-v. 77; no. 78-no. 154; v.155- 
500 |a Description based on: volume 34, published in 1977; title from cover. 
515 |a Numbering changes from vol. to no. with no. 78 (1984); beginning with 1997 numbering changes back to volume. 
530 |a Also available online. 
650 2 |a Allergy and Immunology. 
650 2 |a Transplantation. 
655 2 |a Periodicals. 
700 1 |a Möller, Göran,  |d 1936- 
776 1 |t Immunological reviews (Online)  |x 1600-065X  |w (OCoLC)48190734 
780 0 0 |t Transplantation reviews  |x 0082-5948  |w (OCoLC)1713815 
999 f f |s 6d43130a-61d5-3af0-93b0-5527cddd5e8e  |i a81fc4c8-dda6-392c-92b4-8663566c39e2  |t 0 
952 f f |p ric  |a Texas A&M University  |b Rellis Campus  |c Joint Library Facility  |d Remote Storage  |t 0  |h No information provided  |i unmediated -- volume  |k v.66/68  |l 1982  |m 3238900519669 
952 f f |p ric  |a Texas A&M University  |b Rellis Campus  |c Joint Library Facility  |d Remote Storage  |t 0  |h No information provided  |i unmediated -- volume  |k v.33  |l 1977  |m 323890072601+ 
952 f f |p ric  |a Texas A&M University  |b Rellis Campus  |c Joint Library Facility  |d Remote Storage  |t 0  |h No information provided  |i unmediated -- volume  |k v.47  |l 1979  |m 323890051958A 
952 f f |p ric  |a Texas A&M University  |b Rellis Campus  |c Joint Library Facility  |d Remote Storage  |t 0  |h No information provided  |i unmediated -- volume  |k v.51/52  |l 1980  |m 3238900519625 
952 f f |p ric  |a Texas A&M University  |b Rellis Campus  |c Joint Library Facility  |d Remote Storage  |t 0  |h No information provided  |i unmediated -- volume  |k v.45  |l 1979  |m 3238900519568 
952 f f |p ric  |a Texas A&M University  |b Rellis Campus  |c Joint Library Facility  |d Remote Storage  |t 0  |h No information provided  |i unmediated -- volume  |k v.50  |l 1980  |m 3238900519614 
952 f f |p ric  |a Texas A&M University  |b Rellis Campus  |c Joint Library Facility  |d Remote Storage  |t 0  |h No information provided  |i unmediated -- volume  |k Index: 1969/1984  |m 3238900519715 
952 f f |p ric  |a Texas A&M University  |b Rellis Campus  |c Joint Library Facility  |d Remote Storage  |t 0  |h No information provided  |i unmediated -- volume  |k v.122/124  |l 1991  |m 3238901289079 
952 f f |p ric  |a Texas A&M University  |b Rellis Campus  |c Joint Library Facility  |d Remote Storage  |t 0  |h No information provided  |i unmediated -- volume  |k v.73/76  |l 1983  |m 323890051968B 
952 f f |p ric  |a Texas A&M University  |b Rellis Campus  |c Joint Library Facility  |d Remote Storage  |t 0  |h No information provided  |i unmediated -- volume  |k v.39  |l 1978  |m 323890051949A 
952 f f |p ric  |a Texas A&M University  |b Rellis Campus  |c Joint Library Facility  |d Remote Storage  |t 0  |h No information provided  |i unmediated -- volume  |k v.182/184  |l 2001  |m 3238901804724 
952 f f |p ric  |a Texas A&M University  |b Rellis Campus  |c Joint Library Facility  |d Remote Storage  |t 0  |h No information provided  |i unmediated -- volume  |k v.191/196  |l 2003  |m 323890179075B 
952 f f |p ric  |a Texas A&M University  |b Rellis Campus  |c Joint Library Facility  |d Remote Storage  |t 0  |h No information provided  |i unmediated -- volume  |k v.110/112  |l 1989  |m 323890090797E 
952 f f |p ric  |a Texas A&M University  |b Rellis Campus  |c Joint Library Facility  |d Remote Storage  |t 0  |h No information provided  |i unmediated -- volume  |k v.146/148  |l 1995  |m 323890149546B 
952 f f |p ric  |a Texas A&M University  |b Rellis Campus  |c Joint Library Facility  |d Remote Storage  |t 0  |h No information provided  |i unmediated -- volume  |k v.105/106  |l 1988  |m 323890086519B 
952 f f |p ric  |a Texas A&M University  |b Rellis Campus  |c Joint Library Facility  |d Remote Storage  |t 0  |h No information provided  |i unmediated -- volume  |k v.83/86  |l 1985  |m 3238900519726 
952 f f |p ric  |a Texas A&M University  |b Rellis Campus  |c Joint Library Facility  |d Remote Storage  |t 0  |h No information provided  |i unmediated -- volume  |k v.185/190  |l 2002  |m 3238901334496 
952 f f |p ric  |a Texas A&M University  |b Rellis Campus  |c Joint Library Facility  |d Remote Storage  |t 0  |h No information provided  |i unmediated -- volume  |k v.179/181  |l 2001  |m 3238901804713 
952 f f |p ric  |a Texas A&M University  |b Rellis Campus  |c Joint Library Facility  |d Remote Storage  |t 0  |h No information provided  |i unmediated -- volume  |k v.116/118  |l 1990  |m 323890094835B 
952 f f |p ric  |a Texas A&M University  |b Rellis Campus  |c Joint Library Facility  |d Remote Storage  |t 0  |h No information provided  |i unmediated -- volume  |k v.41  |l 1978  |m 3238900519513 
952 f f |p ric  |a Texas A&M University  |b Rellis Campus  |c Joint Library Facility  |d Remote Storage  |t 0  |h No information provided  |i unmediated -- volume  |k v.131/133  |l 1993  |m 3238901527489 
952 f f |p ric  |a Texas A&M University  |b Rellis Campus  |c Joint Library Facility  |d Remote Storage  |t 0  |h No information provided  |i unmediated -- volume  |k v.152/154  |l 1996  |m 3238901454398 
952 f f |p ric  |a Texas A&M University  |b Rellis Campus  |c Joint Library Facility  |d Remote Storage  |t 0  |h No information provided  |i unmediated -- volume  |k v.99/101  |l 1987/1988  |m 3238900826121 
952 f f |p ric  |a Texas A&M University  |b Rellis Campus  |c Joint Library Facility  |d Remote Storage  |t 0  |h No information provided  |i unmediated -- volume  |k v.35  |l 1977  |m 3238900519456 
952 f f |p ric  |a Texas A&M University  |b Rellis Campus  |c Joint Library Facility  |d Remote Storage  |t 0  |h No information provided  |i unmediated -- volume  |k v.80/82  |l 1984  |m 3238900519704 
952 f f |p ric  |a Texas A&M University  |b Rellis Campus  |c Joint Library Facility  |d Remote Storage  |t 0  |h No information provided  |i unmediated -- volume  |k v.140/142  |l 1994  |m 3238901484133 
952 f f |p ric  |a Texas A&M University  |b Rellis Campus  |c Joint Library Facility  |d Remote Storage  |t 0  |h No information provided  |i unmediated -- volume  |k v.69/72  |l 1983  |m 323890051967A 
952 f f |p ric  |a Texas A&M University  |b Rellis Campus  |c Joint Library Facility  |d Remote Storage  |t 0  |h No information provided  |i unmediated -- volume  |k v.138/139  |l 1994  |m 3238901338445 
952 f f |p ric  |a Texas A&M University  |b Rellis Campus  |c Joint Library Facility  |d Remote Storage  |t 0  |h No information provided  |i unmediated -- volume  |k v.90/92  |l 1986  |m 323890077338A 
952 f f |p ric  |a Texas A&M University  |b Rellis Campus  |c Joint Library Facility  |d Remote Storage  |t 0  |h No information provided  |i unmediated -- volume  |k v.96/98  |l 1987  |m 3238900809537 
952 f f |p ric  |a Texas A&M University  |b Rellis Campus  |c Joint Library Facility  |d Remote Storage  |t 0  |h No information provided  |i unmediated -- volume  |k Index: 1969/1996  |m 3238901433384 
952 f f |p ric  |a Texas A&M University  |b Rellis Campus  |c Joint Library Facility  |d Remote Storage  |t 0  |h No information provided  |i unmediated -- volume  |k v.43  |l 1979  |m 3238900519535 
952 f f |p ric  |a Texas A&M University  |b Rellis Campus  |c Joint Library Facility  |d Remote Storage  |t 0  |h No information provided  |i unmediated -- volume  |k v.113/115  |l 1990  |m 3238900950130 
952 f f |p ric  |a Texas A&M University  |b Rellis Campus  |c Joint Library Facility  |d Remote Storage  |t 0  |h No information provided  |i unmediated -- volume  |k v.40  |l 1978  |m 3238900519502 
952 f f |p ric  |a Texas A&M University  |b Rellis Campus  |c Joint Library Facility  |d Remote Storage  |t 0  |h No information provided  |i unmediated -- volume  |k v.61/65  |l 1982  |m 3238900519658 
952 f f |p ric  |a Texas A&M University  |b Rellis Campus  |c Joint Library Facility  |d Remote Storage  |t 0  |h No information provided  |i unmediated -- volume  |k v.161/163  |l 1998  |m 3238901592043 
952 f f |p ric  |a Texas A&M University  |b Rellis Campus  |c Joint Library Facility  |d Remote Storage  |t 0  |h No information provided  |i unmediated -- volume  |k v.34  |l 1977  |m 3238900519445 
952 f f |p ric  |a Texas A&M University  |b Rellis Campus  |c Joint Library Facility  |d Remote Storage  |t 0  |h No information provided  |i unmediated -- volume  |k v.93/95  |l 1986/1987  |m 323890078988M 
952 f f |p ric  |a Texas A&M University  |b Rellis Campus  |c Joint Library Facility  |d Remote Storage  |t 0  |h No information provided  |i unmediated -- volume  |k v.77/79  |l 1984  |m 323890051969C 
952 f f |p ric  |a Texas A&M University  |b Rellis Campus  |c Joint Library Facility  |d Remote Storage  |t 0  |h No information provided  |i unmediated -- volume  |k v.155/157  |l 1997  |m 323890144958D 
952 f f |p ric  |a Texas A&M University  |b Rellis Campus  |c Joint Library Facility  |d Remote Storage  |t 0  |h No information provided  |i unmediated -- volume  |k v.87/89  |l 1985/1986  |m 3238900760869 
952 f f |p ric  |a Texas A&M University  |b Rellis Campus  |c Joint Library Facility  |d Remote Storage  |t 0  |h No information provided  |i unmediated -- volume  |k v.48  |l 1979  |m 323890051959B 
952 f f |p ric  |a Texas A&M University  |b Rellis Campus  |c Joint Library Facility  |d Remote Storage  |t 0  |h No information provided  |i unmediated -- volume  |k v.42  |l 1978  |m 3238900519524 
952 f f |p ric  |a Texas A&M University  |b Rellis Campus  |c Joint Library Facility  |d Remote Storage  |t 0  |h No information provided  |i unmediated -- volume  |k v.167/169  |l 1999  |m 3238901616769 
952 f f |p ric  |a Texas A&M University  |b Rellis Campus  |c Joint Library Facility  |d Remote Storage  |t 0  |h No information provided  |i unmediated -- volume  |k v.158/160  |l 1997  |m 3238901437153 
952 f f |p ric  |a Texas A&M University  |b Rellis Campus  |c Joint Library Facility  |d Remote Storage  |t 0  |h No information provided  |i unmediated -- volume  |k v.170/172  |l 1999  |m 3238901629022 
952 f f |p ric  |a Texas A&M University  |b Rellis Campus  |c Joint Library Facility  |d Remote Storage  |t 0  |h No information provided  |i unmediated -- volume  |k v.46  |l 1979  |m 3238900519579 
952 f f |p ric  |a Texas A&M University  |b Rellis Campus  |c Joint Library Facility  |d Remote Storage  |t 0  |h No information provided  |i unmediated -- volume  |k v.102/104  |l 1988  |m 3238900842613 
952 f f |p ric  |a Texas A&M University  |b Rellis Campus  |c Joint Library Facility  |d Remote Storage  |t 0  |h No information provided  |i unmediated -- volume  |k Index: 1969/1987  |m 3238900825445 
952 f f |p ric  |a Texas A&M University  |b Rellis Campus  |c Joint Library Facility  |d Remote Storage  |t 0  |h No information provided  |i unmediated -- volume  |k v.49  |l 1980  |m 3238900519603 
952 f f |p ric  |a Texas A&M University  |b Rellis Campus  |c Joint Library Facility  |d Remote Storage  |t 0  |h No information provided  |i unmediated -- volume  |k v.164/166  |l 1998  |m 3238901606713 
952 f f |p ric  |a Texas A&M University  |b Rellis Campus  |c Joint Library Facility  |d Remote Storage  |t 0  |h No information provided  |i unmediated -- volume  |k v.134/136  |l 1993  |m 323890156795F 
952 f f |p ric  |a Texas A&M University  |b Rellis Campus  |c Joint Library Facility  |d Remote Storage  |t 0  |h No information provided  |i unmediated -- volume  |k v.53/55  |l 1980/1981  |m 3238900519636 
952 f f |p ric  |a Texas A&M University  |b Rellis Campus  |c Joint Library Facility  |d Remote Storage  |t 0  |h No information provided  |i unmediated -- volume  |k v.37  |l 1977  |m 3238900519478 
952 f f |p ric  |a Texas A&M University  |b Rellis Campus  |c Joint Library Facility  |d Remote Storage  |t 0  |h No information provided  |i unmediated -- volume  |k v.56/60  |l 1981  |m 3238900519647 
952 f f |p ric  |a Texas A&M University  |b Rellis Campus  |c Joint Library Facility  |d Remote Storage  |t 0  |h No information provided  |i unmediated -- volume  |k v.149/151  |l 1996  |m 3238901467819 
952 f f |p ric  |a Texas A&M University  |b Rellis Campus  |c Joint Library Facility  |d Remote Storage  |t 0  |h No information provided  |i unmediated -- volume  |k v.119/121  |l 1991  |m 3238901018866 
952 f f |p ric  |a Texas A&M University  |b Rellis Campus  |c Joint Library Facility  |d Remote Storage  |t 0  |h No information provided  |i unmediated -- volume  |k v.125/130  |l 1992  |m 3238901402795 
952 f f |p ric  |a Texas A&M University  |b Rellis Campus  |c Joint Library Facility  |d Remote Storage  |t 0  |h No information provided  |i unmediated -- volume  |k v.36  |l 1977  |m 3238900519467 
952 f f |p ric  |a Texas A&M University  |b Rellis Campus  |c Joint Library Facility  |d Remote Storage  |t 0  |h No information provided  |i unmediated -- volume  |k v.107/109  |l 1989  |m 323890090798F 
952 f f |p ric  |a Texas A&M University  |b Rellis Campus  |c Joint Library Facility  |d Remote Storage  |t 0  |h No information provided  |i unmediated -- volume  |k v.143/145  |l 1996  |m 3238901509063 
952 f f |p ric  |a Texas A&M University  |b Rellis Campus  |c Joint Library Facility  |d Remote Storage  |t 0  |h No information provided  |i unmediated -- volume  |k v.38  |l 1978  |m 3238900519489 
952 f f |p ric  |a Texas A&M University  |b Rellis Campus  |c Joint Library Facility  |d Remote Storage  |t 0  |h No information provided  |i unmediated -- volume  |k v.44  |l 1979  |m 3238900519557 
952 f f |p ric  |a Texas A&M University  |b Rellis Campus  |c Joint Library Facility  |d Remote Storage  |t 0  |h No information provided  |i unmediated -- volume  |k v.173/178  |l 2000  |m 3238901315800 
998 f f |s v.33(1977)-v.136(1993),v.138(1994)-v.196(2003)  |t 0  |l Remote Storage